000 00289nam a22001337a 4500
008 170816b xxu||||| |||| 00| 0 eng d
020 _a0201144557
041 _aeng
080 _a004
100 _a35
101 _aSHK
245 _aCOMPILER DESIGN THEORY
_cLEWIS,.P.M
942 _2udc
_cBK
999 _c23674
_d23674